YOUtopia - Bring Me the Horizon - Statistics

General Stats
  • This quiz has been taken 21 times
  • The average score is 154 of 196
Answer Stats
✶⋆.˚ % Correct
I
100%
you
100%
you)
100%
YOUtopia
100%
a
91%
A
91%
is
91%
law
91%
love
91%
the
91%
The
91%
where
91%
Where
91%
been
82%
buried
82%
cemetery,
82%
core
82%
hard
82%
ignore
82%
in
82%
like
82%
like?
82%
place
82%
So
82%
take
82%
there
82%
There
82%
There's
82%
there's
82%
(There's
82%
to
82%
wanna
82%
We're
82%
when
82%
world's
82%
and
73%
better
73%
bones,
73%
bones)
73%
bones
73%
but
73%
else
73%
home
73%
I'm
73%
inside
73%
it
73%
just
73%
know
73%
my
73%
myself
73%
no
73%
not
73%
our
73%
quite
73%
sick
73%
someone
73%
somewhere,
73%
Soul
73%
terrified
73%
that
73%
too
73%
was
73%
wish
73%
your
73%
beyond
64%
(Beyond
64%
days
64%
dive
64%
dream
64%
getting
64%
golden
64%
head
64%
It's
64%
one
64%
out
64%
raspberry
64%
still
64%
cry
55%
daisies,
55%
dead
55%
flowers
55%
for
55%
okay
55%
Stop
55%
they're
55%
wants
55%
connect
45%
into
45%
performance
45%
pushing
45%
stepped
45%
walked
45%
What
45%
of
36%
divine
27%
coma
9%
No matching quizzes found
Score Distribution
Percent of People with Each Score
Percentile by Number Answered
Your Score History
You have not taken this quiz